Zwycięzcy mistrzostw Europy - Euro - Statystyki

Ogólne statystyki
  • Ten quiz został rozwiązany 128 razy
    89 od ostatniego zresetowania
  • Średni wynik to 9 z 10
Statystyki odpowiedzi
Tytuły Reprezentacja % Poprawnych
3 Niemcy
100%
4 Hiszpania
99%
1 Portugalia
99%
2 Włochy
97%
2 Francja
94%
1 Grecja
90%
1 Holandia
87%
1 Rosja
83%
1 Dania
71%
1 Czechosłowacja
46%
Nie znaleziono quizów pasujących do podanych kryteriów
Rozkład punktacji
Procent ludzi z każdym wynikiem
Percentyl według liczby udzielonych odpowiedzi
Twoja historia wyników
Nie rozwiązałeś tego quizu od ostatniego zresetowania